| 000 | 00798cam a22002411 4500 | ||
|---|---|---|---|
| 001 | af 47005744 | ||
| 003 | DLC | ||
| 005 | 20260227110833.0 | ||
| 008 | 850827s1946 au 000 0 ger c | ||
| 010 | _aaf 47005744 | ||
| 035 | _a(OCoLC)12429499 | ||
| 040 |
_aHarvard Univ. Library _cTxHR _dDLC |
||
| 042 | _apremarc | ||
| 050 | 0 | 0 |
_aDB99.1 _b.G7 |
| 100 | 1 |
_aGruber, Karl, _d1909- |
|
| 245 | 1 | 0 | _aÖsterreich in der Welt. |
| 260 |
_a[Wien] _bÖsterreichischer Verlag, _c1946. |
||
| 300 |
_a7, [1] p. _c21 cm. |
||
| 490 | 0 |
_a[Politische Zeitprobleme; eine Schriftenreihe. _vHft. 2] |
|
| 500 | _aCover-title. | ||
| 500 | _aAddress delivered at the University of Vienna on March 28, 1946 before the Akademische Vereinigung für Aussenpolitik. Cf. p. [1] | ||
| 651 | 0 |
_aAustria _xForeign relations. |
|
| 999 |
_c3264 _d3264 |
||